Statistics for SZA - Drew Barrymore (All Lyrics)

Click here to take the quiz!

General Stats

  • This quiz has been taken 171 times
  • The average score is 331 of 394

Answer Stats

Answer% Correct
I
99%
ya)
99%
ya
99%
a
98%
it,
98%
it
98%
you,
98%
You
98%
you
98%
so
97%
the
97%
to
97%
and
95%
for
95%
is
95%
Is
95%
new
95%
over?
95%
party
95%
Why
95%
your
95%
enough
94%
hard
94%
her
94%
with
94%
baby
93%
baby,
93%
friend
93%
hate
93%
get
92%
I'm
92%
Warm
92%
warm
92%
glad
91%
jeans
91%
Am
90%
me?
90%
me
90%
me,
90%
outside,
90%
outside
90%
1,
89%
accept
89%
episode
89%
inside
89%
she's
89%
Somebody
89%
mom
88%
perfect
88%
made
87%
come
86%
could
86%
juice,
86%
Oh
86%
came
85%
that
85%
my
84%
start
83%
of
82%
at
81%
Bring
81%
gin
81%
Do
80%
do?
80%
got
80%
Got
80%
tacos,
80%
let
79%
blunt
78%
favorite
78%
Narcos
77%
up
77%
you're
77%
shut
76%
off
74%
back
73%
it's
73%
Lonely
73%
lonely
73%
sorry
73%
Sorry,
73%
spark
73%
forget
72%
know
72%
we
72%
We
72%
not
71%
this
70%
be
69%
need
69%
what
69%
let's
68%
worth,
68%
yeah
68%
don't
67%
(Tell
67%
too
67%
ashamed
64%
like
64%
love
64%
more
64%
myself
64%
pretend
64%
sin
64%
therapy
64%
think
63%
just
62%
Vans
62%
attractive
61%
legs
61%
mama,
61%
say
61%
shave
61%
ladylike
60%
night
60%
really
60%
karma
55%
down
53%
down,
53%
down?
53%
mean
53%
treat
53%
comin'
52%
here
52%
wanna
52%
Won't
52%
works
52%
lot
50%
collect
48%
Give
48%
see
48%
clingy
47%
Or
46%
'Cause
44%
soul,
42%
right
37%

Score Distribution

Percentile by Number Answered

Percent of People with Each Score

Your Score History

You have not taken this quiz